| 000 | 00613nam a22001337a 4500 | ||
|---|---|---|---|
| 003 | OSt | ||
| 005 | 20160324104122.0 | ||
| 008 | 160324b xxu||||| |||| 00| 0 eng d | ||
| 040 | _cRUA | ||
| 082 | _aAGR SIM 2002 B472 Or.1 | ||
| 245 | _aScreening rice varieties for resistance to brown planthopper and host plant, ពិសោធន៍តាមដានរកពូជស្រូវធន់នឹងការបំផ្លាញរបស់សត្វល្អិតមមាចត្នោត និងរុក្ខជាតិជំរករបស់វា | ||
| 300 |
_a81p. _bill. _c29cm. |
||
| 942 |
_2ddc _cAGR |
||
| 999 |
_c7798 _d7798 |
||